00773nam a22001937a 4500003000900000008004100009040007100050082002000121245007200141260005200213300004400265440003400309505011400343650002400457650001500481650001300496700003600509700003400545AR-CdUCM190425b ||||| |||| 00| 0 spa d aMUNICIPALIDAD PROVINCIAL DEL CUSCOcBIBLIOTECA MUNICIPAL DEL CUSCO aSur/N°203/1991 aSur :bsemanario regional surandino /cGuido Delran Cousy, Director aCusco.bCentro Bartolomé de las Casas,c1991. a8 páginas. :bilustraciones ;c29 cm. aSur.nAño XIV, N°203,1991. aContenido: Región Inka defiende su infraestructura turística. -- Noqayku runakuna y la historia oral. ... aSociedad cusqueña aPolítica aSiglo XX aValderrama Fernández, Ricardo aEscalante Gutiérrez, Carmen